000
00327nam a22001337a 4500
008
170616b xxu||||| |||| 00| 0 eng d
020
_a
1560005777
041
_a
eng
080
_a
32
100
_a
20
101
_a
SHP
245
_a
POVERTY, NATURAL RESOURCES, AND PUBLIC POLICY IN CENTRAL AMERICA
_c
ARIAS,O
942
_2
udc
_c
BK
999
_c
17700
_d
17700